Brawl Stars: Legendary Skins by Picture - Statistics

General Stats
  • This quiz has been taken 257 times
  • The average score is 15 of 20
Answer Stats
Picture Hint Answer % Correct
Mecha Crow
86%
Mecha Bo
85%
Mecha Colt
85%
Mecha Leon
85%
Mecha Mortis
85%
Mecha Edgar
84%
Thor Bibi
83%
Exclusive Virus 8-Bit
78%
Toon Spike
77%
Evil Queen Pam
75%
Virus Charlie
75%
Robo Mike
74%
Jock Stu
72%
Phoenix Crow
72%
Frost Queen Amber
69%
Paper Cordelius
69%
Tusked Nita
60%
Wukong Mico
60%
Dread Knight Draco
53%
Desert Scorpion Chuck
49%
No matching quizzes found
Score Distribution
Percent of People with Each Score
Percentile by Number Answered
Your Score History
You have not taken this quiz